000 00309nam a2200121Ia 4500
005 20251222154436.0
008 251222s9999||||xx |||||||||||||| ||spa||
020 _a84-206-4210-X
082 _a986.16/I97
100 _a"Izard, Miguel"
245 0 _aTierra firme: Historia de Venezuela y Colombia
942 _cLIB
999 _c36630
_d36630